|
|
|
|
| LEADER |
01376nam a2200277 u 4500 |
| 001 |
10096741 |
| 003 |
upatras |
| 005 |
20210117203226.0 |
| 008 |
120321s1992 gr gre |
| 020 |
|
|
|a 9602362537
|
| 040 |
|
|
|a GR-PaULI
|c GR-PaULI
|
| 041 |
0 |
|
|a gre
|
| 082 |
0 |
4 |
|a 355.033 04
|
| 100 |
1 |
|
|a Στάθης, Θεόδωρος Χ.,
|d 1937-
|4 aut
|9 2952
|
| 245 |
1 |
0 |
|a H εθνική άμυνα και η αχίλλειος πτέρνα της
|c Θεόδωρος Χ. Στάθης
|
| 260 |
|
|
|a Αθήνα
|b Εκδόσεις Νέα Σύνορα - Α.Α. Λιβάνη
|c 1992
|
| 300 |
|
|
|a 210 σ.
|b πίν.
|c 21 εκ.
|
| 504 |
|
|
|a Περιλαμβάνει βιβλιογραφία
|
| 651 |
|
4 |
|a Ελλάδα
|x Στρατιωτική πολιτική
|9 30606
|
| 651 |
|
4 |
|9 33991
|a Ελλάδα
|x Άμυνα
|
| 852 |
|
|
|a GR-PaULI
|b ΠΑΤΡΑ
|b ΒΚΠ
|b ΑΝΤ
|k ΟΧΙΔ
|h 355.033 04 ΣΤΑ
|m 046638
|p 025000060944
|t 1
|
| 942 |
|
|
|2 ddc
|c BKN
|
| 952 |
|
|
|0 0
|1 0
|4 0
|6 355_033000000000000_04_ΣΤΑ
|7 0
|9 108947
|a LISP
|b LISP
|c DON
|d 2016-04-24
|i 046638
|l 0
|o 355.033 04 ΣΤΑ
|p 025000060944
|r 2016-04-24 00:00:00
|t 1
|w 2016-04-24
|y BKN
|
| 952 |
|
|
|0 0
|1 0
|2 ddc
|4 0
|6 355_474950000000000_ΣΤΑ
|7 0
|9 322396
|a MSLG
|b MSLG
|c BSC
|d 2021-01-23
|e 24
|f 0
|g 0.00
|l 0
|o 355.47495 ΣΤΑ
|p 2420000011404
|r 2021-01-23 00:00:00
|t 1
|w 2021-01-23
|y BK15
|x 20040129 0 1
|x GrPaTEI
|
| 998 |
|
|
|c ΑΒΑΚΟΜΙΔΗ
|d 2012-03
|
| 999 |
|
|
|c 73091
|d 73091
|